Система каталогов и динамика развития современной библиотеки; Научные и технические библиотеки; № 4

Podrobná bibliografie
Parent link:Научные и технические библиотеки: ежемесячный сборник по вопросам теории и практики библиотечного дела/ Государственная публичная научно-техническая библиотека России.— , 1994-.— 0130-9765
№ 4.— 2006.— С. 18-33
Hlavní autor: Сукиасян Э. Р. Эдуард Рубенович
Jazyk:ruština
Vydáno: 2006
Témata:
Médium: MixedMaterials Kapitola
KOHA link:https://koha.lib.tpu.ru/cgi-bin/koha/opac-detail.pl?biblionumber=400729

MARC

LEADER 00000naa2a2200000 4500
001 400729
005 20231101065431.0
035 |a (RuTPU)RU\TPU\prd\43369 
035 |a RU\TPU\prd\43368 
090 |a 400729 
100 |a 20060511a2006 k y0rusy50 ca 
101 0 |a rus 
102 |a RU 
200 1 |a Система каталогов и динамика развития современной библиотеки  |f Э. Р. Сукиасян 
320 |a Библиогр.: 13 назв. 
461 0 |0 (RuTPU)RU\TPU\prd\1594  |x 0130-9765  |t Научные и технические библиотеки  |o ежемесячный сборник по вопросам теории и практики библиотечного дела  |f Государственная публичная научно-техническая библиотека России  |d 1994- 
463 0 |0 (RuTPU)RU\TPU\prd\43278  |t № 4  |v С. 18-33  |d 2006 
610 1 |a система каталогов 
610 1 |a каталоги 
610 1 |a современные библиотеки 
610 1 |a электронные каталоги 
610 1 |a структура библиотеки 
610 1 |a динамика рапзвития 
610 1 |a развитие 
700 1 |a Сукиасян  |b Э. Р.  |g Эдуард Рубенович 
801 1 |a RU  |b 63413507  |c 20060511  |g PSBO 
801 2 |a RU  |b 63413507  |c 20060608  |g PSBO 
942 |c BK